|
|
|
|
| LEADER |
02808nam a2200445 a 4500 |
| 001 |
EBC680062 |
| 003 |
MiAaPQ |
| 005 |
20200520144314.0 |
| 006 |
m o d | |
| 007 |
cr cn||||||||| |
| 008 |
100408s2011 iluad sb 101 0 eng d |
| 010 |
|
|
|z 2010015033
|
| 020 |
|
|
|z 9780226384740 (alk. paper)
|
| 020 |
|
|
|z 0226384748 (alk. paper)
|
| 020 |
|
|
|z 9780226384757 (pbk. : alk. paper)
|
| 020 |
|
|
|z 0226384756 (pbk. : alk. paper)
|
| 020 |
|
|
|a 9780226384764 (electronic bk.)
|
| 035 |
|
|
|a (MiAaPQ)EBC680062
|
| 035 |
|
|
|a (Au-PeEL)EBL680062
|
| 035 |
|
|
|a (CaPaEBR)ebr10461033
|
| 035 |
|
|
|a (CaONFJC)MIL306617
|
| 035 |
|
|
|a (OCoLC)712016227
|
| 040 |
|
|
|a MiAaPQ
|c MiAaPQ
|d MiAaPQ
|
| 043 |
|
|
|a n-us---
|
| 050 |
|
4 |
|a HC105
|b .F68 2011
|
| 082 |
0 |
4 |
|a 330.973
|2 22
|
| 245 |
0 |
0 |
|a Founding choices
|h [electronic resource] :
|b American economic policy in the 1790s /
|c edited by Douglas A. Irwin and Richard Sylla.
|
| 260 |
|
|
|a Chicago ;
|a London :
|b University of Chicago Press,
|c 2011.
|
| 300 |
|
|
|a ix, 353 p. :
|b ill.
|
| 500 |
|
|
|a Papers of the National Bureau of Economic Research conference held at Dartmouth College on May 8-9, 2009.
|
| 504 |
|
|
|a Includes bibliographical references and indexes.
|
| 505 |
0 |
|
|a The significance of the founding choices: editor's introduction / Douglas A. Irwin and Richard Sylla -- Politics. The constitutional choices of 1787 and their consequences / Sonia Mittal, Jack N. Rakove, and Barry R. Weingast -- Policy. Financial foundations: public credit, the national bank, and securities markets / Richard Sylla -- Revenue or reciprocity? founding feuds over early U.S. trade policy / Douglas A. Irwin -- Monetary policy and the dollar / Peter l. Rousseau -- Federal and state commercial banking policy in the federalist era and beyond / Howard Bodenhorn -- The other foundings: federalism and the constitutional structure of American government / John Joseph Wallis -- Business organization and the factors of production. Rise of the corporation nation / Robert E. Wright -- U.S. land policy: founding choices and outcomes, 1781-1802 / Farley Grubb -- Free labor and slave labor / Stanley L. Engerman and Robert A. Margo -- Looking backward: founding choices in innovation and intellectual property protection / B. Zorina Khan.
|
| 533 |
|
|
|a Electronic reproduction. Ann Arbor, MI : ProQuest, 2015. Available via World Wide Web. Access may be limited to ProQuest affiliated libraries.
|
| 651 |
|
0 |
|a United States
|x Economic policy
|y 18th century
|v Congresses.
|
| 655 |
|
4 |
|a Electronic books.
|
| 700 |
1 |
|
|a Irwin, Douglas A.,
|d 1962-
|
| 700 |
1 |
|
|a Sylla, Richard Eugene.
|
| 710 |
2 |
|
|a National Bureau of Economic Research.
|
| 710 |
2 |
|
|a ProQuest (Firm)
|
| 856 |
4 |
0 |
|u https://ebookcentral.proquest.com/lib/matrademy/detail.action?docID=680062
|z Click to View
|